Star Wars Books No Longer Considered Canon - Statistics

General Stats
  • This quiz has been taken 151 times
  • The average score is 56 of 150
Answer Stats
Series Answer Author % Correct
The Thrawn Trilogy Heir to the Empire Timothy Zahn
76%
Rule of Two Drew Karpyshyn
76%
- The Truce at Bakura Kathy Tyers
72%
Dark Force Rising Timothy Zahn
68%
The Bacta War Michael Stackpole
68%
The Last Command Timothy Zahn
68%
The Old Republic Revan Drew Karpyshyn
64%
Order 66 Karen Traviss
60%
X-Wing Rogue Squadron Michael Stackpole
60%
The Corellian Trilogy Ambush at Corellia Roger MacBride Allen
56%
Isard's Revenge Michael Stackpole
56%
- Outbound Flight Timothy Zahn
56%
Clone Wars Shatterpoint Matthew Stover
56%
Solo Command Aaron Allston
56%
The Hand of Thrawn Specter of the Past Timothy Zahn
56%
Star by Star Troy Denning
56%
- The Crystal Star Vonda McIntyre
56%
The Force Unleashed The Force Unleashed Sean Williams
56%
The Force Unleashed II Sean Williams
56%
The New Jedi Order Vector Prime R.A. Salvatore
56%
Vision of the Future Timothy Zahn
56%
Shadow Hunter Michael Reaves
52%
Tales of the Bounty Hunters various
52%
- The Courtship of Princess Leia Dave Wolverton
52%
Wedge's Gamble Michael Stackpole
52%
Wraith Squadron Aaron Allston
52%
The Callista Trilogy Children of the Jedi Barbara Hambly
48%
Crosscurrent Crosscurrent Paul S. Kemp
48%
Darksaber Kevin J. Anderson
48%
Dark Tide II: Ruin Michael Stackpole
48%
- Death Troopers Joe Schreiber
48%
Dynasty of Evil Drew Karpyshyn
48%
- I, Jedi Michael Stackpole
48%
Iron Fist Aaron Allston
48%
Darth Bane Path of Destruction Drew Karpyshyn
48%
- Splinter of the Mind's Eye Alan Dean Foster
48%
Starfighters of Adumar Aaron Allston
48%
Tales from Jabba's Palace various
48%
The Dark Nest Trilogy The Joiner King Troy Denning
48%
The Krytos Trap Michael Stackpole
48%
Dark Tide I: Onslaught Michael Stackpole
44%
- Darth Plagueis James Luceno
44%
- Death Star Michael Reaves & Steve Perry
44%
Deceived Paul S. Kemp
44%
MedStar I: Battle Surgeons Michael Reaves & Steve Perry
44%
- Rogue Planet Greg Bear
44%
Showdown at Centerpoint Roger MacBride Allen
44%
Tales from the Empire various
44%
The Unifying Force James Luceno
44%
Traitor Matthew Stover
44%
Balance Point Kathy Tyers
40%
- Cloak of Deception James Luceno
40%
Dark Apprentice Kevin J. Anderson
40%
Dark Lord: The Rise of Darth Vader James Luceno
40%
Republic Commando Hard Contact Karen Traviss
40%
The Jedi Academy Trilogy Jedi Search Kevin J. Anderson
40%
- Kenobi John Jackson Miller
40%
Revenge of the Sith Labyrinth of Evil James Luceno
40%
The Adventures of Lando Calrissian Lando Calrissian and the Mindharp of Sharu L. Neil Smith
40%
- Red Harvest Joe Schreiber
40%
- Scoundrels Timothy Zahn
40%
- Shadows of the Empire Steve Perry
40%
Tales Anthologies Tales from the Mos Eisley Cantina various
40%
Tales from the New Republic various
40%
- Tatooine Ghost Troy Denning
40%
- The Approaching Storm Alan Dean Foster
40%
Triple Zero Karen Traviss
40%
501st Karen Traviss
36%
Apocalypse Troy Denning
36%
Bloodlines Karen Traviss
36%
Champions of the Force Kevin J. Anderson
36%
Dark Journey Elaine Cunningham
36%
Destiny's Way Walter Jon Williams
36%
Edge of Victory II: Rebirth Greg Keyes
36%
The Han Solo Adventures Han Solo at Star's End Brian Daley
36%
Jedi Trial David Sherman & Dan Cragg
36%
Planet of Twilight Barbara Hambly
36%
Rebel Dawn A.C. Crispin
36%
Sacrifice Karen Traviss
36%
Siege Karen Miller
36%
- Survivor's Quest Timothy Zahn
36%
- The New Rebellion Kristine Kathryn Rusch
36%
The Swarm War Troy Denning
36%
The Unseen Queen Troy Denning
36%
Hand of Judgement Allegiance Timothy Zahn
32%
Annihilation Drew Karpyshyn
32%
Assault at Selonia Roger MacBride Allen
32%
Choices of One Timothy Zahn
32%
Edge of Victory I: Conquest Greg Keyes
32%
Enemy Lines II: Rebel Stand Aaron Allston
32%
Enemy Lines I: Rebel Dream Aaron Allston
32%
Fatal Alliance Sean Williams
32%
Force Heretic I: Remnant Sean Williams & Shane Dix
32%
Hard Merchandise K.W. Jeter
32%
Dawn of the Jedi Into the Void Tim Lebbon
32%
MedStar II: Jedi Healer Michael Reaves & Steve Perry
32%
Mercy Kill Aaron Allston
32%
Slave Ship K.W. Jeter
32%
The Clone Wars The Clone Wars Karen Traviss
32%
The Hutt Gambit A.C. Crispin
32%
The Last Jedi Michael Reaves & Maya Kaathryn Bohnhoff
32%
The Bounty Hunter Wars The Mandalorian Armor K.W. Jeter
32%
Wild Space Karen Miller
32%
Yoda: Dark Rendezvous Sean Stewart
32%
Agents of Chaos I: Hero's Trial James Luceno
28%
Agents of Chaos II: Jedi Eclipse James Luceno
28%
Allies Christie Golden
28%
Han Solo's Revenge Brian Daley
28%
Coruscant Nights Jedi Twilight Michael Reaves
28%
- Knight Errant John Jackson Miller
28%
- Luke Skywalker and the Shadows of Mindor Matthew Stover
28%
Darth Maul Maul Lockdown Joe Schreiber
28%
Riptide Paul S. Kemp
28%
Tempest Troy Denning
28%
The Cestus Deception Steven Barnes
28%
True Colors Karen Traviss
28%
Legacy of the Force Betrayal Aaron Allston
24%
Force Heretic III: Reunion Sean Williams & Shane Dix
24%
Force Heretic II: Refugee Sean Williams & Shane Dix
24%
Fury Aaron Allston
24%
Inferno Troy Denning
24%
Lando Calrissian and the Flamewind of Oseon L. Neil Smith
24%
Lando Calrissian and the Starcave of ThonBoka L. Neil Smith
24%
- Millennium Falcon James Luceno
24%
Fate of the Jedi Outcast Aaron Allston
24%
Clone Wars: Gambit Stealth Karen Miller
24%
Street of Shadows Michael Reaves
24%
The Final Prophecy Greg Keyes
24%
The Han Solo Trilogy The Paradise Snare A.C. Crispin
24%
Vortex Troy Denning
24%
Abyss Troy Denning
20%
Backlash Aaron Allston
20%
Conviction Aaron Allston
20%
- Crucible Troy Denning
20%
Exile Aaron Allston
20%
Invincible Troy Denning
20%
No Prisoners Karen Traviss
20%
Revelation Karen Traviss
20%
Shield of Lies Michael P. Kube-McDowell
20%
Tyrant's Test Michael P. Kube-McDowell
20%
- A Forest Apart Troy Denning
16%
Han Solo and the Lost Legacy Brian Daley
16%
Honor Among Thieves James S. A. Corey
16%
Omen Christie Golden
16%
Patterns of Force Michael Reaves
16%
Empire and Rebellion Razor's Edge Martha Wells
16%
- Shadow Games Michael Reaves & Maya Kaathryn Bohnhoff
16%
Ascension Christie Golden
12%
The Black Fleet Crisis Trilogy Before the Storm Michael P. Kube-McDowell
12%
- Scourge Jeff Grubb
12%
No matching quizzes found
Score Distribution
Percent of People with Each Score
Percentile by Number Answered
Your Score History
You have not taken this quiz